00504nam a22001817a 450000500170000001000150001702000260003203500130005803700130007108200100008410000270009424500620012125000110018326000390019427000440023330000260027750000190030320131009123954.0 aENG-108038 c300.00a9789380599946 aEN-91571 bDBAD/PUB a515.8 aMukherjee, Subir Kumar00aFirst course in real analysis /cby Subir Kumar Mukherjee a2nd ed aKolkatabAcademic Publishersc2013 a5A, Bhawani Dutta LanebKolkatae700073 aviii,535p.c24cm(pbk) aIncludes index